banner koha

Embalagem, época e ácido indolbutírico na propagação de jabuticabeira por alporquia (Registro n. 257354)

MARC details
000 -LÍDER
campo de controle de tamanho fixo 00972nas a2200301 4500
001 - NÚMERO DE CONTROLE
campo de controle BR2019001335
003 - IDENTIFICADOR DO NÚMERO DE CONTROLE
campo de controle BR-BrBNA
005 - DATA E HORÁRIO DA ÚLTIMA TRANSAÇÃO
campo de controle 20231205131910.0
007 - CAMPO FIXO DE DESCRIÇÃO FÍSICA--INFORMAÇÃO GERAL
campo de controle de tamanho fixo ta
008 - CAMPO DE DADOS FIXOS--INFORMAÇÃO GERAL
campo de controle de tamanho fixo 230509b bl.|||p| |||| 00| 00por d
040 ## - FONTE DA CATALOGAÇÃO
Instituição da catalogação original BR-BrBNA
Idioma da catalogação por
Instituição que transcreveu o registro Biblioteca Nacional de Agricultura
041 ## - CÓDIGO DE IDIOMA
Código do idioma do texto/trilha sonora ou título diferente (Pt)
072 ## - CÓDIGO DE CATEGORIA DE ASSUNTO
Código de Categoria de Assunto F02
100 1# - ENTRADA PRINCIPAL--NOME PESSOAL
Nome pessoal Cassol, D.A.
100 1# - ENTRADA PRINCIPAL--NOME PESSOAL
Nome pessoal Wagner Júnior, A.
100 1# - ENTRADA PRINCIPAL--NOME PESSOAL
Nome pessoal Pirola, K.
100 1# - ENTRADA PRINCIPAL--NOME PESSOAL
Nome pessoal Dottos, M.
100 1# - ENTRADA PRINCIPAL--NOME PESSOAL
Nome pessoal Citadin, I.
245 1# - TÍTULO
Título Embalagem, época e ácido indolbutírico na propagação de jabuticabeira por alporquia
650 ## - ASSUNTO--TERMO TÓPICO
Cabeçalho tópico ou nome geográfico JABUTICABA
650 ## - ASSUNTO--TERMO TÓPICO
Cabeçalho tópico ou nome geográfico FRUTA TROPICAL
650 ## - ASSUNTO--TERMO TÓPICO
Cabeçalho tópico ou nome geográfico SUBSTRATO DE CULTURA
650 ## - ASSUNTO--TERMO TÓPICO
Cabeçalho tópico ou nome geográfico PROPAGAÇÃO VEGETATIVA
773 0# - ENTRADA ANALÍTICA
Título Revista Brasileira de Fruticultura (Brazil)
ISSN - International Standard Serial Number ISSN 1806-9967
Partes relacionadas (Jan-Mar 2015), v. 37(1) p. 267-272
Número de controle do registro BR2019001335
856 40 - LOCALIZAÇÃO ELETRÔNICA E ACESSO
Uniform Resource Identifier <a href="http://www.scielo.br/pdf/rbf/v37n1/0100-2945-rbf-37-1-267.pdf">http://www.scielo.br/pdf/rbf/v37n1/0100-2945-rbf-37-1-267.pdf</a>
909 ## -
-- 202311
-- Lúcia
-- 55
-- Lúcia Elande
942 ## - ELEMENTOS DE ENTRADA ADICIONADOS (KOHA)
Fonte da classificação ou esquema de arquivamento na estante Classificação AGRIS
Ocultar no OPAC Não
Tipo de material Koha Analítica
Exemplares
Situação do descarte Fonte da classificação ou esquema de arquivamento na estante Situação física Não pode ser emprestado Biblioteca de origem Biblioteca atual Localização na estante Enumeração do periódico / cronologia Total de empréstimos Data de último acesso Número do exemplar Tipo de material Koha Fonte de aquisição
  Classificação AGRIS   Consulta local Biblioteca Nacional de Agricultura - Binagri Biblioteca Nacional de Agricultura - Binagri   (Jan-Mar 2015), v. 37(1) p. 267-272   29/11/2023 01 Periódicos Portaria Interministerial nº 164/94

BINAGRI

Telefone: (61)3218-2567/2388/3357/2097 - binagri@agro.gov.br

Ministério da Agricultura e Pecuária , Esplanada dos Ministérios, Bloco D, Anexo B, Brasília/DF, CEP: 70.043-900